000
00275nam a2200097Ia 4500
001
653743
005
20250826154504.0
008
250824s9999 xx 000 0 und d
245
0
_a
3 MİNİ VE DOĞUM GÜNÜ PARTİSİ
_c
CHRİSTİNE NÖSTLİNGER
260
_b
GÜNIŞIĞI YAYINLARI
999
_c
653743
_d
653743